000
00360nam a2200157Ia 4500
008
151213s9999 xx 000 0 und d
100
_a
R.K. Varaya
245
_a
The Guide
_c
R.K. Varaya
250
_a
1st
260
_a
India
_b
Indian thua Public
_c
1958
300
_a
4225 p.
650
_a
English
650
_a
Guide
700
_a
R.K. Varaya
999
_c
2649
_d
2649